Представление документа в формате RUSMARC

ПолеНазваниеЗначение
  Тип записи a
  Библиографический уровень m
001 Контрольный номер SKBR/4b01f4a8-61a6-4305-b8ab-aced08c35f1a
005 Дата корректировки 20260525150105.9
010 Индекс ISBN __
a ISBN 978-5-389-29346-5
9 Тираж 3000 экз.
b Уточнения в пер.
d Цена 511-50
035 Другие системные номера __
a Идентификатор записи RU\NLR\BIBL_A\022635191
100 Данные общей обработки __
a Данные общей обработки 20251002d2025 m y0rusa028902 ca
101 Язык документа 1_
a Язык текста rus
c Язык оригинала fre
102 Страна публикации __
a Страна публикации RU
105 Кодированные данные (монография) __
a Кодированные данные (монография) y z 000ay
181 Поле кодированных данных: вид содержания _0
a Код вида содержания (ISBD) i
182 Поле кодированных данных: тип средства _0
a Код типа средства (ISBD) n
200 Заглавие и сведения об ответственности 1_
a Заглавие Лавка запретных книг
e Сведения, относящиеся к заглавию роман
f Первые сведения об ответственности Марк Леви
g Последующие сведения об ответственности перевод с французского Аркадия Кабалкина
203 Вид содержания и тип средства __
a Вид содержания Текст
c Тип средства непосредственный
210 Выходные данные 1_
a Место издания Москва
c Издательство Азбука
c Издательство КоЛибри
d Дата издания 2025
215 Физическое описание __
a Объем 333, [1] с.
d Формат 21 см
225 Серия 1_
a Серия Левиада
320 Библиография __
a Библиография Другие произведения автора: с. [2]
330 Аннотация __
a Аннотация Митч, заядлый книготорговец, однажды утром арестован за немыслимое преступление: он нарушил закон, продавая запрещенные книги. После пяти лет заключения у него есть только одно желание - вновь обрести свободу и свой книжный магазин. Но судьба решает иначе. В тот же день Митч сталкивается с прокурором, который вынес ему обвинительный приговор, и встречает Анну, молодого шеф-повара, которая вполне может стать женщиной его жизни.
333 Примечание о целевом назначении __
a Примечание о целевом назначении 16+. Для детей старше 16 лет
454 Оригинал _0
1 2001
a La Librairie des livres interdits
1 700 1
a Levy
b M.
g Marc
606 Тематические рубрики __
2 Код системы nlr_sh
a Основная рубрика Художественная литература
606 Тематические рубрики __
2 Код системы nlr_sh
a Основная рубрика Литература Европы (произведения)
y Географическая подрубрика Франция
610 Ключевые слова 0_
a Ключевые слова современная проза
610 Ключевые слова 0_
a Ключевые слова романы
610 Ключевые слова 0_
a Ключевые слова иностранная литература
610 Ключевые слова 0_
a Ключевые слова французская литература
610 Ключевые слова 0_
a Ключевые слова тема книжных магазинов
610 Ключевые слова 0_
a Ключевые слова тема книг
610 Ключевые слова 0_
a Ключевые слова психологическая проза
610 Ключевые слова 0_
a Ключевые слова поиск любви
610 Ключевые слова 0_
a Ключевые слова мужская дружба
610 Ключевые слова 0_
a Ключевые слова любовные романы
610 Ключевые слова 0_
a Ключевые слова жизненные ценности
610 Ключевые слова 0_
a Ключевые слова в поисках счастья
686 Индексы других классификаций __
a Классификационный индекс 84(4Фра)6-4; ст84(4Фра)-4
2 Код системы rubbks
700 Автор _1
a Фамилия Леви
b Имя М.
f Даты 1961-
g Полное личное имя Марк
4 Код отношения 070
702 Вторичная интеллектуальная ответственность _1
a Фамилия Кабалкин
b Имя А. Ю.
f Даты 1958-
g Полное личное имя Аркадий Юрьевич
4 Код отношения 730
801 Источник записи _0
a Страна RU
b Организация NLR
c Дата составления 20251002
g Правила каталогизации PSBO
801 Источник записи _1
a Страна RU
b Организация NLR
c Дата составления 20251002
g Правила каталогизации PSBO
801 Источник записи _2
a Страна RU
b Организация NLR
c Дата составления 20260102
2 Код формата rusmarc
g Правила каталогизации PSBO
852 Данные о местонахождении __
i Авторский знак Л 36
j Шифр хранения 84(4Фра)6-4
900 Макрообъекты __
a Макрообъекты Лавка запретных книг. Леви, М., 2025
901 Тип документа __
a Ответственный ООФиК/Волкова
t Тип документа m
901 Тип документа __
a Ответственный 6 партия
903 Характеристики (МАРС) __
a Дата передачи 20260521
c Наименование библиотеки (МАРС) Муниципальное бюджетное учреждение культуры "Централизованная библиотечная система" г. Сургут (Центральная городская библиотека им. А. С. Пушкина)
990 Данные о заказе (DOS) __
j Количество экземпляров (DOS) 1
t N записи в КСУ для И/У (DOS) 202606